000 00789cam a22002532 4500
001 0000012800
005 20151217154415.0
008 090320s xx 000 0 eng d
020 _a0071287493 :
020 _a0072994025
040 _aKABU
_cKABU
050 0 _aHF5635
_b.S65 2007
100 1 _aSpiceland, J. David.
_@0000151907
245 1 0 _aIntermediate accounting /
_cJ. David Spiceland, James F. Stepe, Lawrence A. Tomassini.
250 _arev. 4th ed.
260 _aBoston :
_bIrwin/McGraw-Hill,
_c2007.
300 _axxxviii, 1202 p.
650 0 _aAccounting.
_@0000148321
700 1 _aStepe, James F.
_@0000151908
700 1 _aTomassini, Lawrence A.
_@0000151909
852 1 _9p3050 KES
908 _a090320
950 _@1
999 _c11087
_d11087